000 00602nam a2200229Ia 4500
003 OSt
005 20220924143546.0
006 a|||||r|||| 00| 0
007 ta
008 220923b |||||||| |||| 00| 0 urd d
024 _a308974
037 _cTextual
040 _aARTS
_cARTS
_burd
041 _2urd
_aurd
082 _aO15v.N2, 168J6
100 _aQuraishi Abdulghafoor
_9216062
245 0 _aPunjabi zabanda adab te tareekh
260 _c1956
650 _aSANSKRIT LITERATURE
942 _hO15v.N2, 168J6
_cTEXL
_2CC
999 _c454994
_d454994